000 00313 a2200157 4500
001 179344
020 _a
040 _cMagnum
100 _aBelinky, Tatiana
240 1 0 _aCacoliques
_lpor
245 1 0 _aCacoliques
362 0 _a1899
440 1 _aMelhoramentos
697 _aMAGNITO: I/POESIA
942 _cBK
999 _c179344
_d179344